Jurassic Creatures - Sudden Death - Statistics

General Stats
  • This quiz has been taken 693 times
  • The average score is 6 of 15
Answers on the Grid
Answers color-coded by a green-red scale on the quiz's grid according to % correct below.
Allosaurus
Ankylosaurus
Archaeopteryx
Argentinosaurus
Basilosaurus
Brachiosaurus
Brontosaurus
Carnotaurus
Compsognathus (Compy)
Dilophosaurus
Dimorphodon
Elasmosaurus
Herrerasaurus
Ichthyosaurus
Ichthyotitan
Iguanodon
Liopleurodon
Megalosaurus
Mosasaurus
Pachycephalosaurus
Plesiosaurus
Pliosaurus
Spinosaurus
Stegosaurus
Titanoboa
Torvosaurus
Triceratops
Tyrannosaurus
Velociraptor
Vulcanodon
 
Answer Stats
Answer % Correct
Allosaurus
85%
Compsognathus (Compy)
47%
Brachiosaurus
42%
Dilophosaurus
41%
Brontosaurus
35%
Archaeopteryx
34%
Stegosaurus
34%
Ichthyosaurus
33%
Plesiosaurus
32%
Liopleurodon
31%
Megalosaurus
31%
Pliosaurus
31%
Torvosaurus
30%
Dimorphodon
29%
Vulcanodon
27%
No matching quizzes found
Score Distribution
Percent of People with Each Score
Percentile by Number Answered
Your Score History
You have not taken this quiz